000 00557nam a22002177a 4500
003 UA-OsUOA
001 136609
007 ta
008 20190402b un ||||| |||| 00| 0 ukr d
090 _a882
_bК85
942 _cBK
040 _aUA-OsUOA
_brus
_cUA-OsUOA
_dUA-OsUOA
245 _aКрылья
300 _a300 с.
955 _a3
041 _arus
080 _a882
260 _aМ.
_bДОСААФ
_c1971
650 7 _a8 Мовознавство. Художня література. Літературознавство
_2UDC
999 _c409932
_d409932